000 01291nam2a2200229 4500
001 rc\3039946
005 20260315065523.0
035 _a(NLR Aleph) 007180280
090 _a13622788
_c13622788
100 _a20111009d1940 u y0rusy50 ca
101 0 _arus
102 _aRU
105 _ay z |||||
200 1 _aИсследование температур возникающих в самолетном колесе при работе тормозов
210 _d1940
461 0 _1001rc\3039927
_12001#$aТехнические отчеты Центрального аэро-гидродинамического института им. проф. Н.Е. Жуковского$hСерия I$iАэродинамика$vВып. 9
_97434554
_aЦентральный аэрогидродинамический институт им. Н. Е. Жуковского (Москва)
_c[Москва]
_d1940-1941
_hСерия I
_iАэродинамика
_nБ. и.
_tТехнические отчеты Центрального аэро-гидродинамического института им. проф. Н.Е. Жуковского
_vВып. 9
700 1 _aТютерев
_bА.М.
801 0 _aRU
_bNLR
_gpsbo
801 1 _aRU
_bELAR
_2rusmarc
852 _aNLR
_j40-19/81
942 _cUNSPEC
980 _aNB